[Event "Nova Gorica op 27th"]
[Site "Nova Gorica"]
[Date "2023.03.23"]
[Round "9"]
[White "Savoia, Serge"]
[Black "Pagano, Sergio1111"]
[Result "0-1"]
[WhiteElo "1625"]
[BlackElo "1879"]
[PlyCount "90"]
[EventDate "2023.03.16"]
[EventType "swiss"]
[EventRounds "9"]
[EventCountry "SLO"]
[SourceTitle "CBM 213 Extra"]
[Source "ChessBase"]
[SourceDate "2023.05.31"]
[SourceVersion "1"]
[SourceVersionDate "2023.05.31"]
[SourceQuality "1"]

1. e4 c6 2. d4 d5 3. Nd2 dxe4 4. Nxe4 h6 5. c3 Bf5 6. Ng3 Bh7 7. Nf3 Nd7 8. Bd3 Bxd3 9. Qxd3 e6 10. 0-0 Ngf6 11. Re1 Be7 12. b3 0-0 13. Bb2 Re8 14. Re2 Nd5 15. Bc1 Qc7 16. Nf1 Nf4 17. Bxf4 Qxf4 18. g3 Qc7 19. Rae1 Rad8 20. Qc2 Nf6 21. Ne5 c5 22. f4 cxd4 23. cxd4 Qb6 24. Nf3 Rc8 25. Qd3 Nd5 26. Rc2 Nb4 27. Rxc8 Rxc8 28. Qb1 Bf6 29. Re4 Rd8 30. N1d2 Bxd4+ 31. Kg2 Nc6 32. Nc4 Qc7 33. Qe1 b5 34. Na3 Qb6 35. Qe2 a6 36. Nc2 Bc3 37. a4 Na5 38. b4 Nc4 39. a5 Qb7 40. Kh3 Qd7 41. Rxc4 bxc4 42. Qxc4 Qd3 43. Qc7 Qf1+ 44. Kg4 f5+ 45. Kh5 Qxf3+ 0-1

[Event "Nova Gorica op-A 26th"]
[Site "Nova Gorica"]
[Date "2022.09.17"]
[Round "2"]
[White "Rigatti, Giorgio"]
[Black "Savoia, Serge"]
[Result "1-0"]
[WhiteElo "1763"]
[BlackElo "1636"]
[PlyCount "69"]
[EventDate "2022.09.16"]
[EventType "swiss"]
[EventRounds "9"]
[EventCountry "SLO"]
[SourceTitle "CBM 210 Extra"]
[Source "ChessBase"]
[SourceDate "2022.11.30"]
[SourceVersion "1"]
[SourceVersionDate "2022.11.30"]
[SourceQuality "1"]

1. e4 d6 2. d4 e5 3. Nf3 f6 4. Nc3 c6 5. Be3 g6 6. Qd2 b5 7. 0-0-0 b4 8. Ne2 Bg4 9. dxe5 Bxf3 10. gxf3 fxe5 11. Qxb4 Qc7 12. Qc4 Nd7 13. Bh3 Nb6 14. Qe6+ Be7 15. Bg5 Rd8 16. f4 d5 17. Bxe7 Nxe7 18. Qxe5 Qxe5 19. fxe5 0-0 20. f4 dxe4 21. Rxd8 Rxd8 22. Rd1 Rf8 23. Rd4 e3 24. Re4 Ned5 25. a3 Kg7 26. c4 Ne7 27. b3 g5 28. Kc2 h5 29. Ng3 Kh6 30. fxg5+ Kxg5 31. Rxe3 h4 32. Ne4+ Kf4 33. Re2 Kxe5 34. Ng5+ Kd6 35. c5+ 1-0

[Event "Nova Gorica op 22nd"]
[Site "Nova Gorica"]
[Date "2017.01.30"]
[Round "6"]
[White "Savoia, Serge"]
[Black "Skrbec, Leon"]
[Result "0-1"]
[WhiteElo "1774"]
[BlackElo "1613"]
[PlyCount "108"]
[EventDate "2017.01.27"]
[EventType "swiss"]
[EventRounds "9"]
[EventCountry "SLO"]
[SourceTitle "CBM 176 Extra"]
[Source "ChessBase"]
[SourceDate "2017.03.02"]
[SourceVersion "1"]
[SourceVersionDate "2017.03.02"]
[SourceQuality "1"]

1. e4 c6 2. d4 d5 3. Nd2 dxe4 4. Nxe4 Bf5 5. Ng3 Bg6 6. Nf3 Nd7 7. Nh4 e6 8. Nxg6 hxg6 9. Bd3 Ngf6 10. c3 Qc7 11. a4 Bd6 12. Qf3 0-0-0 13. Bg5 Rde8 14. 0-0 e5 15. h3 Qb6 16. a5 Qc7 17. a6 b6 18. Ne4 Be7 19. Bxf6 gxf6 20. Bc4 Ref8 21. Rfd1 f5 22. Nd2 e4 23. Qe2 Nf6 24. f3 Qg3 25. Qf2 Rxh3 26. Qxg3 Rxg3 27. Nf1 Rg5 28. f4 Rh5 29. Be2 Rh7 30. c4 Rfh8 31. Kf2 Bd6 32. g3 Re8 33. Ke3 Nd7 34. Rdb1 f6 35. b4 g5 36. c5 Bc7 37. b5 bxc5 38. dxc5 Nxc5 39. b6 Bxb6 40. Rxb6 axb6 41. Rb1 Kc7 42. Nd2 Ra8 43. Ra1 b5 44. fxg5 fxg5 45. Kd4 Kd6 46. g4 Rh2 47. Re1 Ne6+ 48. Ke3 Rxa6 49. gxf5 Ra3+ 50. Kxe4 Nc5+ 51. Kd4 Rh4+ 52. Bg4 Rxg4+ 53. Ne4+ Rxe4+ 54. Rxe4 Rd3# 0-1

[Event "Nova Gorica op 22nd"]
[Site "Nova Gorica"]
[Date "2017.01.29"]
[Round "5"]
[White "Stevanic, David"]
[Black "Savoia, Serge"]
[Result "1-0"]
[WhiteElo "2013"]
[BlackElo "1774"]
[PlyCount "149"]
[EventDate "2017.01.27"]
[EventType "swiss"]
[EventRounds "9"]
[EventCountry "SLO"]
[SourceTitle "CBM 176 Extra"]
[Source "ChessBase"]
[SourceDate "2017.03.02"]
[SourceVersion "1"]
[SourceVersionDate "2017.03.02"]
[SourceQuality "1"]

1. e4 c5 2. Nf3 d6 3. Bb5+ Bd7 4. Bxd7+ Qxd7 5. c4 Nc6 6. d4 cxd4 7. Nxd4 Nf6 8. Nc3 g6 9. f3 Bg7 10. Be3 Ne5 11. b3 0-0 12. 0-0 Rac8 13. Rc1 Rfd8 14. Nde2 b6 15. Qd2 Ne8 16. Rfd1 Nc7 17. a4 Ne6 18. Rb1 h5 19. h3 Kh7 20. f4 Nc6 21. f5 Nc5 22. b4 Nb7 23. fxg6+ fxg6 24. c5 Ne5 25. cxb6 Nc4 26. Qd3 axb6 27. Nd5 Qxa4 28. Nxb6 Nxb6 29. Bxb6 Rf8 30. Bd4 e5 31. Be3 Qc2 32. Rd2 Qxd3 33. Rxd3 Rc2 34. Nc3 Rc8 35. Nd5 Bh6 36. Rf1 Bxe3+ 37. Rxe3 Rc1 38. Ra3 Rxf1+ 39. Kxf1 Rf8+ 40. Ke2 Kg7 41. Kd3 Nd8 42. Ra8 Ne6 43. Rxf8 Kxf8 44. Kc4 Ke8 45. Kb5 Kd7 46. Kb6 h4 47. b5 Nc5 48. Nc3 g5 49. Ka7 d5 50. exd5 e4 51. b6 e3 52. b7 Nxb7 53. Kxb7 Kd6 54. Kb6 e2 55. Nxe2 Kxd5 56. Kb5 Ke4 57. Kc4 Ke3 58. Ng1 g4 59. hxg4 Kf4 60. Kd3 Kxg4 61. Ke2 Kg3 62. Kf1 Kg4 63. Kf2 Kf4 64. Nh3+ Kg4 65. Kg1 Kg3 66. Kh1 Kg4 67. Kh2 Kf5 68. Nf2 Kg5 69. Kh3 Kh5 70. Ng4 Kg5 71. Nh2 Kh5 72. Nf3 Kh6 73. Kxh4 Kg6 74. Kg4 Kg7 75. Kg5 1-0

[Event "Nova Gorica op 22nd"]
[Site "Nova Gorica"]
[Date "2017.01.28"]
[Round "2"]
[White "Bajt, Ales"]
[Black "Savoia, Serge"]
[Result "0-1"]
[WhiteElo "1405"]
[BlackElo "1774"]
[PlyCount "108"]
[EventDate "2017.01.27"]
[EventType "swiss"]
[EventRounds "9"]
[EventCountry "SLO"]
[SourceTitle "CBM 176 Extra"]
[Source "ChessBase"]
[SourceDate "2017.03.02"]
[SourceVersion "1"]
[SourceVersionDate "2017.03.02"]
[SourceQuality "1"]

1. e4 c5 2. c3 d5 3. exd5 Qxd5 4. d4 Nc6 5. Nf3 cxd4 6. cxd4 e5 7. Nc3 Bb4 8. dxe5 Qxd1+ 9. Kxd1 Bg4 10. Be2 0-0-0+ 11. Kc2 Bf5+ 12. Kb3 Bc5 13. Bg5 f6 14. exf6 Nxf6 15. Bh4 a6 16. Rac1 Rhe8 17. a3 h6 18. Bxa6 bxa6 19. Na4 Be6+ 20. Kc2 Ba7 21. Kb1 Kb7 22. Nc5+ Bxc5 23. Rxc5 g5 24. Rhc1 Bd5 25. Bg3 Ne4 26. R5c2 Nxg3 27. hxg3 Be4 28. Ka2 Bxc2 29. Rxc2 g4 30. Nh4 Nd4 31. Rc4 Re2 32. f3 gxf3 33. gxf3 a5 34. Rc5 Kb6 35. Rh5 Rd6 36. a4 Nc6 37. Rb5+ Kc7 38. Nf5 Rdd2 39. Rb3 h5 40. Ne3 Rd3 41. Rxd3 Nb4+ 42. Kb3 Nxd3 43. Nc4 Nc5+ 44. Kc3 Rg2 45. g4 h4 46. Kd4 Nxa4 47. Ne3 h3 48. Nf1 Rf2 49. Ng3 Rxf3 50. Nh1 Rf4+ 51. Ke3 Rxg4 52. Kf3 Rg2 53. Nf2 Rxf2+ 54. Kxf2 Nxb2 0-1

[Event "Nova Gorica op 22nd"]
[Site "Nova Gorica"]
[Date "2017.01.28"]
[Round "3"]
[White "Savoia, Serge"]
[Black "Urh, Zala"]
[Result "1-0"]
[WhiteElo "1774"]
[BlackElo "2049"]
[PlyCount "103"]
[EventDate "2017.01.27"]
[EventType "swiss"]
[EventRounds "9"]
[EventCountry "SLO"]
[SourceTitle "CBM 176 Extra"]
[Source "ChessBase"]
[SourceDate "2017.03.02"]
[SourceVersion "1"]
[SourceVersionDate "2017.03.02"]
[SourceQuality "1"]

1. e4 e6 2. Nf3 d5 3. Nc3 Nf6 4. e5 Nfd7 5. d3 c5 6. g3 Nc6 7. Qe2 Be7 8. Bg2 a6 9. a4 0-0 10. h4 f6 11. exf6 Nxf6 12. 0-0 Bd6 13. Bg5 h6 14. Bxf6 Qxf6 15. Rae1 Bd7 16. Nh2 Rae8 17. Qh5 Nd4 18. Qd1 b5 19. axb5 axb5 20. Nb1 Qg6 21. c3 Nc6 22. h5 Qf5 23. Re3 Ne5 24. f4 Nc6 25. Nd2 Ra8 26. Rfe1 Rfb8 27. Ng4 c4 28. d4 b4 29. Bh3 Qf7 30. Rxe6 Bf8 31. Rxc6 Bxc6 32. Nxh6+ gxh6 33. Be6 bxc3 34. bxc3 Bg7 35. Qc2 Re8 36. Bxf7+ Kxf7 37. Qg6+ Kg8 38. Rxe8+ Bxe8 39. Qf5 Bf7 40. g4 Ra3 41. g5 hxg5 42. fxg5 Bxh5 43. Qxd5+ Bf7 44. Qd8+ Bf8 45. Ne4 Ra6 46. Nc5 Rd6 47. Nd7 Rxd7 48. Qxd7 Kg7 49. Qd8 Ba3 50. d5 Bb2 51. Qf6+ Kg8 52. g6 1-0

[Event "Portoroz op 10th"]
[Site "Portoroz"]
[Date "2016.07.30"]
[Round "9"]
[White "Savoia, Serge"]
[Black "Urh, Zala"]
[Result "1-0"]
[WhiteElo "1776"]
[BlackElo "1977"]
[PlyCount "59"]
[EventDate "2016.07.23"]
[EventType "swiss"]
[EventRounds "9"]
[EventCountry "SLO"]
[SourceTitle "CBM 173 Extra"]
[Source "ChessBase"]
[SourceDate "2016.08.29"]
[SourceVersion "1"]
[SourceVersionDate "2016.08.29"]
[SourceQuality "1"]

1. e4 e6 2. Nc3 d5 3. Nf3 Nf6 4. exd5 exd5 5. d4 Bd6 6. Bg5 c6 7. Ne5 h6 8. Bh4 Nbd7 9. f4 Qb6 10. Rb1 0-0 11. Bd3 Re8 12. Bf2 c5 13. Ne2 cxd4 14. Bxd4 Bc5 15. c3 Nxe5 16. fxe5 Ng4 17. Qa4 Be6 18. Qb5 Nf2 19. Kxf2 Bxd4+ 20. cxd4 Bg4 21. Qxb6 axb6 22. Nc3 Be6 23. a4 Rec8 24. Rhc1 Rc7 25. b3 Rac8 26. Ne2 Bg4 27. Rxc7 Rxc7 28. Rc1 Bxe2 29. Rxc7 Bxd3 30. Rxb7 1-0

[Event "Nova Gorica op 21st"]
[Site "Nova Gorica"]
[Date "2016.02.03"]
[Round "8"]
[White "Dajcman, Aleksander"]
[Black "Savoia, Serge"]
[Result "0-1"]
[WhiteElo "1427"]
[BlackElo "1875"]
[PlyCount "33"]
[EventDate "2016.01.29"]
[EventType "swiss"]
[EventRounds "9"]
[EventCountry "SLO"]
[SourceTitle "CBM 170 Extra"]
[Source "ChessBase"]
[SourceDate "2016.02.25"]
[SourceVersion "1"]
[SourceVersionDate "2016.02.25"]
[SourceQuality "1"]

1. e4 c5 2. Nf3 d6 3. d4 cxd4 4. Nxd4 Nf6 5. Bc4 e5 6. Nb5 a6 7. N5a3 Nc6 8. Bg5 Qa5+ 9. Bd2 Qb6 10. 0-0 Nxe4 11. Bb3 Qc7 12. f4 Qb6+ 13. Kh1 Nf2+ 14. Rxf2 Qxf2 15. fxe5 dxe5 16. Nc3 Bg4 17. Qc1 0-1

[Event "Nova Gorica op 21st"]
[Site "Nova Gorica"]
[Date "2016.01.30"]
[Round "3"]
[White "Savoia, Serge"]
[Black "Zuttioni, Federico"]
[Result "0-1"]
[WhiteElo "1875"]
[BlackElo "2160"]
[PlyCount "100"]
[EventDate "2016.01.29"]
[EventType "swiss"]
[EventRounds "9"]
[EventCountry "SLO"]
[SourceTitle "CBM 170 Extra"]
[Source "ChessBase"]
[SourceDate "2016.02.25"]
[SourceVersion "1"]
[SourceVersionDate "2016.02.25"]
[SourceQuality "1"]

1. e4 c6 2. d4 d5 3. Nd2 dxe4 4. Nxe4 Bf5 5. Ng3 Bg6 6. h4 h6 7. h5 Bh7 8. Nf3 Nd7 9. c3 Ngf6 10. Bc4 e6 11. Qb3 Nb6 12. Be2 Bd6 13. Ne5 Bxe5 14. dxe5 Nfd7 15. Be3 Nd5 16. c4 Nxe3 17. Qxe3 Qa5+ 18. Kf1 Qxe5 19. Qa3 Nc5 20. Rd1 0-0 21. b4 Na6 22. Kg1 Rfd8 23. Bd3 Bxd3 24. Rxd3 Qf4 25. b5 Rxd3 26. Qxd3 cxb5 27. cxb5 Nc5 28. Qc2 b6 29. Nf1 Rd8 30. Rh3 Rd4 31. Ne3 Qe4 32. Qe2 Rd3 33. Rg3 f5 34. Qb2 Qd4 35. Qxd4 Rxd4 36. Nc2 Rc4 37. Ne1 Ra4 38. a3 Ra5 39. Nc2 Rxb5 40. Nd4 Rb1+ 41. Kh2 Rb2 42. Re3 Rxf2 43. Nxe6 f4 44. Re5 Nxe6 45. Rxe6 f3 46. Re7 Rxg2+ 47. Kh3 Rg5 48. Re1 Rxh5+ 49. Kg4 Ra5 50. Kxf3 Rxa3+ 0-1

[Event "Nova Gorica op-A 20th"]
[Site "Nova Gorica"]
[Date "2015.01.31"]
[Round "3"]
[White "Savoia, Serge"]
[Black "Haug, Johannes"]
[Result "0-1"]
[WhiteElo "1832"]
[BlackElo "2175"]
[PlyCount "33"]
[EventDate "2015.01.30"]
[EventType "swiss"]
[EventRounds "9"]
[EventCountry "SLO"]
[SourceTitle "CBM 164 Extra"]
[Source "ChessBase"]
[SourceDate "2015.03.02"]
[SourceVersion "1"]
[SourceVersionDate "2015.03.02"]
[SourceQuality "1"]

1. c3 Nf6 2. d4 d5 3. Bf4 g6 4. Nf3 Bg7 5. Be5 Nbd7 6. Qa4 0-0 7. Nbd2 Nxe5 8. Nxe5 a6 9. e3 Bf5 10. Bd3 Ne4 11. g4 Bxe5 12. gxf5 Nxd2 13. Kxd2 Bg7 14. h4 e6 15. fxe6 fxe6 16. f4 c5 17. b3 0-1

[Event "Nova Gorica op-A 20th"]
[Site "Nova Gorica"]
[Date "2015.01.30"]
[Round "1"]
[White "Savoia, Serge"]
[Black "Mazi, Leon"]
[Result "0-1"]
[WhiteElo "1832"]
[BlackElo "2359"]
[PlyCount "84"]
[EventDate "2015.01.30"]
[EventType "swiss"]
[EventRounds "9"]
[EventCountry "SLO"]
[SourceTitle "CBM 164 Extra"]
[Source "ChessBase"]
[SourceDate "2015.03.02"]
[SourceVersion "1"]
[SourceVersionDate "2015.03.02"]
[SourceQuality "1"]

1. e4 c5 2. Nc3 Nc6 3. f4 g6 4. Nf3 Bg7 5. g3 e6 6. Bg2 Nge7 7. 0-0 0-0 8. d3 Rb8 9. Be3 Nd4 10. Bxd4 cxd4 11. Ne2 d6 12. h3 Bd7 13. g4 f5 14. Qe1 Qb6 15. gxf5 gxf5 16. Kh2 Ng6 17. Nd2 Kh8 18. Nc4 Qc7 19. Qb4 fxe4 20. Qxd6 Qxd6 21. Nxd6 exd3 22. cxd3 Nxf4 23. Nxf4 Be5 24. Nc4 Bxf4+ 25. Rxf4 Rxf4 26. Ne5 Bc6 27. Bxc6 bxc6 28. b3 Rf2+ 29. Kg3 Rc2 30. Kh4 Rf8 31. Re1 c5 32. Ng4 Rd2 33. Rxe6 Rxd3 34. Re7 Rdf3 35. Rxa7 R3f7 36. Rxf7 Rxf7 37. Ne5 Ra7 38. Nd3 Rxa2 39. Nxc5 Rc2 40. b4 Rc4 41. Nd3 Rc3 42. Ne5 d3 0-1

[Event "Nova Gorica op-A 18th"]
[Site "Nova Gorica"]
[Date "2013.01.28"]
[Round "6"]
[White "Ivsek, Cveto"]
[Black "Savoia, Serge"]
[Result "1/2-1/2"]
[WhiteElo "1836"]
[BlackElo "1909"]
[PlyCount "92"]
[EventDate "2013.01.25"]
[EventType "swiss"]
[EventRounds "9"]
[EventCountry "SLO"]
[SourceTitle "CBM 152 Extra"]
[Source "ChessBase"]
[SourceDate "2013.02.25"]
[SourceVersion "1"]
[SourceVersionDate "2013.02.25"]
[SourceQuality "1"]

1. d4 d6 2. c4 f5 3. Nc3 Nf6 4. Bg5 Nbd7 5. e3 g6 6. Bxf6 Nxf6 7. Nf3 Bg7 8. Qb3 0-0 9. Bd3 h6 10. Rd1 Kh8 11. Qc2 c6 12. h4 Ng4 13. Nh2 Nf6 14. f4 Qe8 15. Nf3 Ng4 16. Qe2 e5 17. dxe5 dxe5 18. fxe5 Be6 19. 0-0 Qe7 20. g3 Qc5 21. Rde1 Rad8 22. Nd4 Rxd4 23. exd4 Qxd4+ 24. Kg2 Rd8 25. Rf3 Nxe5 26. Re3 Nxd3 27. Rxd3 Qxd3 28. Qxe6 Kh7 29. h5 f4 30. Ne4 f3+ 31. Kh2 Qc2+ 32. Kh3 Qg2+ 33. Kg4 gxh5+ 34. Kxh5 Qh2+ 35. Kg4 Rf8 36. Rf1 Qg2 37. Rf2 Qh1 38. Rd2 f2 39. Rxf2 Qd1+ 40. Kh3 Qh5+ 41. Kg2 Rxf2+ 42. Nxf2 Qa5 43. Qe4+ Kh8 44. Qe8+ Kh7 45. Qe4+ Kh8 46. Qe8+ Kh7 1/2-1/2

[Event "Nova Gorica op-A 17th"]
[Site "Nova Gorica"]
[Date "2012.01.30"]
[Round "6"]
[White "Ivsek, Cveto"]
[Black "Savoia, Serge"]
[Result "1-0"]
[WhiteElo "1847"]
[BlackElo "1909"]
[PlyCount "117"]
[EventDate "2012.01.27"]
[EventType "swiss"]
[EventRounds "9"]
[EventCountry "SLO"]
[SourceTitle "CBM 146 Extra"]
[Source "ChessBase"]
[SourceDate "2012.02.29"]
[SourceVersion "1"]
[SourceVersionDate "2012.02.29"]
[SourceQuality "1"]

1. d4 Nf6 2. c4 c5 3. d5 b5 4. f3 g6 5. e4 d6 6. a4 Qa5+ 7. Bd2 b4 8. Qc1 h5 9. b3 Bg7 10. Ra2 Nbd7 11. Bd3 Ne5 12. Qc2 0-0 13. f4 Nxd3+ 14. Qxd3 Ng4 15. h3 Nf6 16. Nf3 Qd8 17. 0-0 a5 18. Be3 Nd7 19. g4 hxg4 20. hxg4 Nb6 21. f5 gxf5 22. gxf5 f6 23. Nh4 Kf7 24. Ng6 Rg8 25. Rh2 Ke8 26. Bh6 Bxh6 27. Rxh6 Kd7 28. Rh7 Ba6 29. Kf2 Re8 30. Rfh1 Kc7 31. Rf7 Ra7 32. Rhh7 Kb8 33. Nd2 Rc7 34. Nf4 Bc8 35. Qg3 Rh8 36. Qg7 Rg8 37. Qh6 Nd7 38. Ne6 Ne5 39. Nxd8 Ng4+ 40. Kf1 Nxh6 41. Rxe7 Rxd8 42. Rxc7 Ng4 43. Nf3 Re8 44. Rhe7 Rh8 45. Rh7 Re8 46. Rce7 Rf8 47. Ke2 Ne5 48. Nxe5 fxe5 49. Rh6 Rg8 50. Rxd6 Rg3 51. Rg6 Ka8 52. Rc6 Kb8 53. Rb6+ Ka8 54. d6 Rxb3 55. d7 Rb2+ 56. Kf3 Bxd7 57. Rxd7 Rb1 58. Rf6 Rb3+ 59. Kg4 1-0

[Event "Nova Gorica op-A 16th"]
[Site "Nova Gorica"]
[Date "2011.02.01"]
[Round "7"]
[White "Savoia, Serge"]
[Black "Menon, Carlo"]
[Result "1-0"]
[WhiteElo "1909"]
[BlackElo "1770"]
[PlyCount "89"]
[EventDate "2011.01.28"]
[EventType "swiss"]
[EventRounds "9"]
[EventCountry "SLO"]
[SourceTitle "CBM 140 Extra"]
[Source "ChessBase"]
[SourceDate "2011.03.01"]
[SourceVersion "1"]
[SourceVersionDate "2011.03.01"]
[SourceQuality "1"]

1. e4 c5 2. b4 b6 3. Bc4 e6 4. Nf3 d6 5. b5 Bb7 6. d3 Qc7 7. Qe2 Nd7 8. 0-0 Be7 9. c3 Ngf6 10. Ng5 d5 11. exd5 Bxd5 12. Bxd5 Nxd5 13. d4 Bxg5 14. Bxg5 0-0 15. c4 N5f6 16. Rd1 cxd4 17. Rxd4 Rac8 18. Nd2 Rfe8 19. Rd1 h6 20. Be3 Nc5 21. Qf3 Qe7 22. Nb3 e5 23. Rd6 Nce4 24. c5 bxc5 25. Ra6 Ng5 26. Qf5 Red8 27. Re1 Nge4 28. Na5 Nd6 29. Qb1 Rd7 30. Nc6 Qe8 31. Bxc5 Nde4 32. Bxa7 Rb7 33. f3 Nc3 34. Qd3 Nxb5 35. Rxe5 Qd7 36. Qxd7 Nxd7 37. Rxb5 Rxc6 38. Rxb7 Rxa6 39. Rxd7 Rxa2 40. Bd4 Rd2 41. h4 Ra2 42. h5 Ra4 43. Kf2 Kf8 44. Bc5+ Ke8 45. Re7+ 1-0

[Event "Nova Gorica op-A 16th"]
[Site "Nova Gorica"]
[Date "2011.01.29"]
[Round "2"]
[White "Markoja, Sebastijan"]
[Black "Savoia, Serge"]
[Result "1-0"]
[WhiteElo "1940"]
[BlackElo "1909"]
[PlyCount "59"]
[EventDate "2011.01.28"]
[EventType "swiss"]
[EventRounds "9"]
[EventCountry "SLO"]
[SourceTitle "CBM 140 Extra"]
[Source "ChessBase"]
[SourceDate "2011.03.01"]
[SourceVersion "1"]
[SourceVersionDate "2011.03.01"]
[SourceQuality "1"]

1. e4 e5 2. Nf3 Nf6 3. Nxe5 Qe7 4. d4 Nxe4 5. Bd3 d6 6. Bxe4 dxe5 7. 0-0 exd4 8. Re1 c6 9. Bxc6+ Nxc6 10. Rxe7+ Bxe7 11. Nd2 Bf5 12. Nf3 Rd8 13. Bf4 0-0 14. a3 Bg4 15. Qd3 Bf6 16. Bg5 Bxg5 17. Nxg5 g6 18. Qg3 Bc8 19. Qh4 h5 20. Ne4 f5 21. Nc5 b6 22. Nd3 Rfe8 23. Qg3 Re6 24. Nf4 Kf7 25. Nxe6 Bxe6 26. Qc7+ Bd7 27. Re1 b5 28. h4 a5 29. b3 a4 30. b4 1-0